| 000 | 00438nam a2200169Ia 4500 | ||
|---|---|---|---|
| 003 | GCL | ||
| 008 | 140319s9999 xx 000 0 ara d | ||
| 040 |
_aGCL / _cGCL |
||
| 082 | 0 | 4 |
_a327.12 _bر ا |
| 100 | 1 | _aرفعت السعيد | |
| 245 | 1 | 0 |
_aالارهاب إسلام ام تأسلم / _cرفعت السعيد |
| 300 | _a509 | ||
| 490 |
_aكتاب _v0 |
||
| 650 | 0 | 4 | _aالاسلام |
| 650 | 0 | 4 | _aالارهاب |
| 942 |
_2ddc _cBK |
||
| 999 |
_c43143 _d43143 |
||